| 000 | 00735nab a2200229u 4500 | ||
|---|---|---|---|
| 001 | 18287 | ||
| 003 | HDC | ||
| 007 | c| |||a|c|aaaa | ||
| 008 | 210225b20140815my ||||| |||| 00| 0 may d | ||
| 040 | _aHDC | ||
| 245 | 0 | _aPPIM harap ada dana tangani isu kesucian produk | |
| 336 |
_atext _2rdacontent |
||
| 337 |
_acomputer _2rdamedia |
||
| 338 |
_aonline resource _2rdacarrier |
||
| 650 |
_aJAKIM _97825 |
||
| 650 |
_aPersatuan Pengguna Islam Malaysia (PPIM) _99658 |
||
| 710 | _aBERITA HARIAN | ||
| 856 | _zRequest full-text at [email protected] | ||
| 942 | _2lcc | ||
| 942 | _cNEWS | ||
| 942 | _kNWSC 005066 | ||
| 999 |
_c15603 _d15603 |
||